000 00861nam a2200217 a 4500
003 0
005 20250318112658.0
008 071127s19uu xx 00 eng d
050 _aPGS BP 603.D38
_b.B172 2007
100 _aBalbas, Cassandra Marie A.
245 _aEffects of "Da Vinci Code" based on religious beliefs /
_cCassandra Marie A. Balbas.
260 _aLas PiƱas City, Philippines :
_bSouthville International School and Colleges,
_c2007.
300 _a37 pages :
_billustrations ;
_c28 cm.
504 _aIncludes bibliographical references.
650 _aThe Da Vinci Code
_vReligious aspects
_vCatholic Church.
650 _aCatholic teachers
_vBeliefs and opinions.
650 _aLiterature and religion
_vChristianity.
650 _aFaith and skepticism in literature.
650 _aReligious attitudes toward fiction.
942 _2lcc
_cPASS
999 _c97687
_d97687